[Event "POR-ch"]
[Site "Viana do Castelo"]
[Date "2023.09.06"]
[Round "5"]
[White "Santos, Jose Guilherme B Li"]
[Black "Dinis de Sousa, Joao"]
[Result "1-0"]
[WhiteElo "2392"]
[BlackElo "2249"]
[PlyCount "55"]
[EventDate "2023.09.03"]
[EventType "tourn"]
[EventRounds "9"]
[EventCountry "POR"]
[EventCategory "3"]
[SourceTitle "EXT 2024"]
[Source "ChessBase"]
[SourceDate "2023.10.10"]
[SourceVersion "1"]
[SourceVersionDate "2023.10.10"]
[SourceQuality "1"]

1. d4 Nf6 2. c4 c5 3. d5 d6 4. Nc3 g6 5. e4 Bg7 6. Nf3 0-0 7. Be2 e6 8. 0-0 exd5 9. exd5 Bg4 10. Bf4 Bxf3 11. Bxf3 a6 12. Re1 Qb6 13. Qb3 Qc7 14. g4 h6 15. h4 Nbd7 16. g5 hxg5 17. hxg5 Nh7 18. Ne4 Ne5 19. Be2 Rab8 20. Qh3 Rfd8 21. Kg2 Qc8 22. Qh4 Qf5 23. Bxe5 Qxe5 24. Bf3 Qxb2 25. Rh1 f5 26. Qxh7+ Kf7 27. Bh5 gxh5 28. Qxf5+ 1-0

[Event "POR-ch"]
[Site "Viana do Castelo"]
[Date "2023.09.05"]
[Round "3"]
[White "Veiga, Jose Francisco RP"]
[Black "Dinis de Sousa, Joao"]
[Result "1-0"]
[WhiteElo "2354"]
[BlackElo "2249"]
[PlyCount "105"]
[EventDate "2023.09.03"]
[EventType "tourn"]
[EventRounds "9"]
[EventCountry "POR"]
[EventCategory "3"]
[SourceTitle "EXT 2024"]
[Source "ChessBase"]
[SourceDate "2023.10.10"]
[SourceVersion "1"]
[SourceVersionDate "2023.10.10"]
[SourceQuality "1"]

1. d4 Nf6 2. c4 e6 3. Nc3 d5 4. cxd5 exd5 5. Bg5 Be7 6. e3 0-0 7. Bd3 Nbd7 8. Nge2 Re8 9. 0-0 c6 10. f3 c5 11. Re1 h6 12. Bf4 Nf8 13. Rc1 a6 14. Bb1 b6 15. dxc5 Bxc5 16. Nd4 Ne6 17. Nxe6 Bxe6 18. Na4 Bd6 19. Qd4 Bxf4 20. exf4 Rb8 21. Bd3 a5 22. Nc3 Qd6 23. Nb5 Qb4 24. Qxb4 axb4 25. Nc7 Rec8 26. Ba6 Rd8 27. Nxe6 fxe6 28. Rxe6 Kf7 29. f5 Rd7 30. Rec6 Ke7 31. Re1+ Kd8 32. Bb5 Rbb7 33. Rce6 Re7 34. Rd6+ Kc8 35. Rxe7 Rxe7 36. Rxb6 Re1+ 37. Kf2 Ra1 38. Bd3 Rxa2 39. Rxb4 Kc7 40. g4 Ra1 41. h4 Kc6 42. g5 hxg5 43. hxg5 Nd7 44. Bb5+ Kc5 45. Ra4 Rxa4 46. Bxa4 Ne5 47. f4 Nf7 48. Bd7 Kd4 49. Be6 Nd6 50. Kf3 Ne8 51. Bd7 Nd6 52. f6 gxf6 53. g6 1-0